| 000 | 00923nam a2200265 i 4500 | ||
|---|---|---|---|
| 001 | 175588 | ||
| 003 | ES-MaACL | ||
| 005 | 20250821074833.0 | ||
| 007 | t| | ||
| 008 | 101110s1969 sp ||||1| spa d | ||
| 080 | _a27-53 | ||
| 111 | 2 |
_aConcilio Vaticano ( _n2º. _d1962-1965) _9122 |
|
| 245 | 1 | 3 |
_aLa Eucaristía _b: textos del Vaticano II y de Pablo VI / _cedición preparaada por Jesús Solano. |
| 260 |
_aMadrid : _b[La Editorial Católica], _c1969. |
||
| 300 |
_a281, [14] p. ; _c18 cm. |
||
| 490 | 1 |
_aBiblioteca de autores cristianos. Ediciones de bolsillo ; _v14 |
|
| 500 | _aÍndices. | ||
| 504 | _aBibliografía: p. 11-31. | ||
| 650 | 7 |
_aEucaristía _2embne _912604 |
|
| 700 | 0 |
_aSolano, Jesús. _9107079 |
|
| 700 | 0 |
_aPablo _bVI, _cPapa, Santo. _9168351 |
|
| 830 | 1 |
_aBiblioteca de autores cristianos. Ediciones de bolsillo ; _v14 _9182549 |
|
| 852 | 4 |
_aES-MaACL _jE-13481 |
|
| 999 |
_c175588 _d175588 |
||